Central Library OPAC University of Rajshahi

Kim Il Sung : (Record no. 25303)

MARC details
000 -LEADER
fixed length control field 00867nam a2200265 a 4500
001 - CONTROL NUMBER
control field 25303
003 - CONTROL NUMBER IDENTIFIER
rucl marc code BD-RjUL
005 - DATE AND TIME OF LATEST TRANSACTION
control field 20211209050847.0
008 - FIXED-LENGTH DATA ELEMENTS--GENERAL INFORMATION
fixed length control field 140825s1991 kn ac 000 0 eng
035 ## - SYSTEM CONTROL NUMBER
System control number (BD-RjUL)25372
040 ## - CATALOGING SOURCE
Original cataloging agency EQO
Transcribing agency EQO
Language of cataloging eng
Modifying agency BD-RjUL
041 1# - LANGUAGE CODE
Language code of text/sound track or separate title eng
Language code of original kor
082 00 - DEWEY DECIMAL CLASSIFICATION NUMBER
Classification number 951.93043
Edition number 19
Author mark and year KIK 1991
100 1# - MAIN ENTRY--PERSONAL NAME
Personal name Kim, Il-sŏng,
Dates associated with a name 1912-1994.
9 (RLIN) 77815
245 10 - TITLE STATEMENT
Title Kim Il Sung :
Remainder of title works /
Statement of responsibility, etc. Kim Il Sung.
Number of part/section of a work Volume-37,
Name of part/section of a work January 1982-May 1983
260 ## - PUBLICATION, DISTRIBUTION, ETC. (IMPRINT)
Place of publication, distribution, etc. Pyongyang, Korea :
Name of publisher, distributor, etc. Foreign Languages Pub. House,
Date of publication, distribution, etc. 1991
300 ## - PHYSICAL DESCRIPTION
Pagination 407 p. :
Illustrations ill. ;
Size 22 cm.
500 ## - GENERAL NOTE
General note Translation of: Kim Il-sŏng chŏjakchip.
600 ## - SUBJECT ADDED ENTRY--PERSONAL NAME
Personal name Kim, Il-sŏng,
Dates associated with a name 1912-1994.
651 ## - SUBJECT ADDED ENTRY--GEOGRAPHIC NAME
Geographic name Korea (North)
General subdivision Politics and government
Chronological subdivision 1948-1994
Relator term Sources.
9 (RLIN) 79548
942 ## - ADDED ENTRY ELEMENTS (KOHA)
Source of classification or shelving scheme Dewey Decimal Classification
Koha item type Books
Holdings
Lost status Source of classification or shelving scheme Damaged status Not for loan Collection code Permanent Location Current Location Shelving location Date acquired Source of acquisition Total Checkouts Full call number Date last seen Copy number Koha item type
  Dewey Decimal Classification   Not For Loan Non-fiction Central Library, University of Rajshahi Central Library, University of Rajshahi Reading Room 24/08/2014 Dhaka, Asia Foundation   951.93043 KIK V-37 1991 25/08/2014 C-1 Books